000 01129nam a2200313 i 4500
001 000046393
003 DO-SdBNP
005 20251014144242.0
007 ta
008 150807s2012 dr 000 f spa d
020 _a9789945005448
040 _aDO-SdBNP
_bspa
_cBNPHU
_erda
041 _aspa
082 _aRD863.44
_bA388c
_222
100 1 _aAlfonso Tejada, Nobel Antonio,
_d1942-
_eautor
_974420
245 1 0 _aCrónicas desde una sociedad de gente cualquiera :
_cNobel Alfonso.
_bla historia es realmente muchas historias; hilos entrecruzados como fino tejidoen el telar del tiempo... /
264 _aSanto Domingo :
_bAP Print Shop,
_c2012.
300 _axviii, 362 páginas ;
_c22 cm.
336 _ardacontent
_btexto
_2txt
337 _ardamedia
_bsin mediación
_2n
338 _ardacarrier
_bvolumen
_2nc
500 _aIncluye datos biográficos del autor en las solapas.
500 _aIncluye referencias bibliográficas y notas al pie de las páginas.
590 _aInventariado, 2021 / DG
650 4 0 _aNovela dominicana
_9223
650 4 _aLiteratura dominicana
_979305
910 _aDG
942 _2ddc
_cLBS1
999 _c45882
_d45882